000 00303nam a22001337a 4500
008 170621b xxu||||| |||| 00| 0 eng d
020 _a9780415910071
041 _aeng
080 _a32
100 _a20
101 _aSHP
245 _aHOMEWORKER IN GLOBAL PERSPECTIVE
_cBORIS.E
942 _2udc
_cBK
999 _c18392
_d18392